Southville International School and Colleges
Your cart is empty.
  • Cart
  • Lists
    Public lists Eva Luna New books Lux_list list_1
    Your lists Log in to create your own lists
  • Log in to your account
  • Your cookies
  • Search history
Southville International School and Colleges
  • Advanced search
  • Recent comments
  • Most popular
  • Libraries

Log in to your account

Log in with GOOGLE


If you do not have an external account, but do have a local account, you can still log in:

  1. Home
  2. MARC view: The pizza mystery /
Normal view MARC view ISBD view

The pizza mystery / (Record no. 33346)

[ view plain ]
MARC details
000 -LEADER
fixed length control field 01514cam a2200409 a 4500
001 - CONTROL NUMBER
control field 4396774
003 - CONTROL NUMBER IDENTIFIER
control field OSt
005 - DATE AND TIME OF LATEST TRANSACTION
control field 20140310184249.0
008 - FIXED-LENGTH DATA ELEMENTS--GENERAL INFORMATION
fixed length control field 920826s1993 ilua j 000 1 eng
010 ## - LIBRARY OF CONGRESS CONTROL NUMBER
LC control number 92032263
020 ## - INTERNATIONAL STANDARD BOOK NUMBER
International Standard Book Number 0807565342
020 ## - INTERNATIONAL STANDARD BOOK NUMBER
International Standard Book Number 0807565350 (pbk.)
040 ## - CATALOGING SOURCE
Original cataloging agency DLC
Transcribing agency DLC
Modifying agency DLC
-- OCoLC
-- DLC
-- OCoLC
-- DLC
042 ## - AUTHENTICATION CODE
Authentication code lcac
050 00 - LIBRARY OF CONGRESS CALL NUMBER
Classification number PZ 7
Item number .W244Pi 1993
100 1# - MAIN ENTRY--PERSONAL NAME
Personal name Warner, Gertrude Chandler,
Dates associated with a name 1890-1979.
9 (RLIN) 28136
245 14 - TITLE STATEMENT
Title The pizza mystery /
Statement of responsibility, etc created by Gertrude Chandler Warner ; illustrated by Charles Tang.
260 ## - PUBLICATION, DISTRIBUTION, ETC. (IMPRINT)
Place of publication, distribution, etc Morton Grove, Ill. :
Name of publisher, distributor, etc A. Whitman,
Date of publication, distribution, etc c1993.
300 ## - PHYSICAL DESCRIPTION
Extent 121 p. :
Other physical details ill. ;
Dimensions 20 cm.
490 1# - SERIES STATEMENT
Series statement The Boxcar children mysteries
521 ## - TARGET AUDIENCE NOTE
Target audience note
526 ## - STUDY PROGRAM INFORMATION NOTE
Reading level 640
650 #0 - SUBJECT ADDED ENTRY--TOPICAL TERM
Topical term or geographic name as entry element Boxcar children (Fictitious characters)
Form subdivision Juvenile fiction.
9 (RLIN) 28137
650 #0 - SUBJECT ADDED ENTRY--TOPICAL TERM
Topical term or geographic name as entry element Orphans
Form subdivision Juvenile fiction.
9 (RLIN) 28138
650 #0 - SUBJECT ADDED ENTRY--TOPICAL TERM
Topical term or geographic name as entry element Families
Form subdivision Juvenile fiction.
9 (RLIN) 28139
650 #1 - SUBJECT ADDED ENTRY--TOPICAL TERM
Topical term or geographic name as entry element Brothers and sisters
Form subdivision Fiction.
9 (RLIN) 28140
650 #1 - SUBJECT ADDED ENTRY--TOPICAL TERM
Topical term or geographic name as entry element Orphans
Form subdivision Fiction.
9 (RLIN) 28141
650 #1 - SUBJECT ADDED ENTRY--TOPICAL TERM
Topical term or geographic name as entry element Restaurants
Form subdivision Fiction.
9 (RLIN) 28142
650 #1 - SUBJECT ADDED ENTRY--TOPICAL TERM
Topical term or geographic name as entry element Mystery and detective stories.
9 (RLIN) 3790
655 #7 - INDEX TERM--GENRE/FORM
Genre/form data or focus term Detective and mystery stories.
Source of term gsafd
9 (RLIN) 3472
700 1# - ADDED ENTRY--PERSONAL NAME
Personal name Tang, Charles,
Relator term ill.
9 (RLIN) 28143
800 1# - SERIES ADDED ENTRY--PERSONAL NAME
Personal name Warner, Gertrude Chandler,
Dates associated with a name 1890-1979.
Title of a work Boxcar children mysteries.
9 (RLIN) 28144
906 ## - LOCAL DATA ELEMENT F, LDF (RLIN)
a 7
b cbc
c orignew
d 1
e ocip
f 19
g y-gencatlg
942 ## - ADDED ENTRY ELEMENTS (KOHA)
Source of classification or shelving scheme Library of Congress Classification
Koha item type
Holdings
Withdrawn status Lost status Source of classification or shelving scheme Damaged status Home library Current library Shelving location Date acquired Total Checkouts Full call number Barcode Date last seen Copy number Price effective from Koha item type
    Library of Congress Classification   Luxembourg Library Luxembourg Library Scholastic Reading Center Section 04/21/2012   PZ 7 .W244Pi 1993 LEX2460 04/18/2017 1 01/30/2014 Books

The pizza mystery /

APA

Warner G. C., Tang C., . (1993). The pizza mystery. Morton Grove, Ill: A. Whitman.

Chicago

Warner Gertrude Chandler, Tang Charles, . 1993. The pizza mystery. Morton Grove, Ill: A. Whitman.

Harvard

Warner G. C., Tang C., . (1993). The pizza mystery. Morton Grove, Ill: A. Whitman.

MLA

Warner Gertrude Chandler, Tang Charles, . The pizza mystery. Morton Grove, Ill: A. Whitman. 1993.

  • Place hold
  • Print
  • Cite
  • Add to your cart (remove)
  • Save record
    BIBTEX Dublin Core MARCXML MARC (non-Unicode/MARC-8) MARC (Unicode/UTF-8) MARC (Unicode/UTF-8, Standard) MODS (XML) RIS
  • More searches
    Search for this title in:
    Other Libraries (WorldCat) Other Databases (Google Scholar) Online Stores (Bookfinder.com) Open Library (openlibrary.org)

Exporting to Dublin Core...

SOUTHVILLE LIBRARY

Southville International School and Colleges Library

1281 Tropical Ave. Cor. Luxembourg St., BF Homes International, Las Pinas City

Tel. No. 8256374 / 252358 Loc. 117/146

Powered by Koha